| 000 | 00732nam a2200217 a 4500 | ||
|---|---|---|---|
| 001 | BRCA_2613 | ||
| 005 | 20190320203906.0 | ||
| 008 | 281108s1933----mx-a---###---#000-0#spa-# | ||
| 050 | 4 |
_aNE545.P8 _b.P47 1933 |
|
| 100 | 1 |
_aPérez Salazar, Francisco _97454 |
|
| 245 | 1 | 0 |
_aEl grabado en la ciudad de Puebla de los Angeles _cFrancisco Pérez Salazar. |
| 260 |
_aMéxico _bCultura _c1933 |
||
| 300 |
_a68 p. _bil., láminas _c24 cm. |
||
| 500 | _aA la cabeza de la portada: Centenario de la Sociedad Mexicana de Geografía y Estadística | ||
| 500 | _aA86 | ||
| 650 | 1 | 4 |
_aGrabado _zMéxico _9545 |
| 650 | 1 | 4 |
_aGrabado _zPuebla _97455 |
| 710 | 2 |
_aSociedad Mexicana de Geografía y Estadística _97456 |
|
| 902 | _aGFM | ||
| 942 |
_2lcc _cB |
||
| 999 |
_c2353 _d2353 |
||